| 000 | 01396cam a22003497a 4500 | ||
|---|---|---|---|
| 001 | 16876990 | ||
| 005 | 20170105102347.0 | ||
| 008 | 110718s2011 nyua b 001 0 eng d | ||
| 010 | _a 2011282663 | ||
| 020 | _a9781441975843 | ||
| 020 | _a1441975845 | ||
| 035 | _a(OCoLC)ocn707644893 | ||
| 040 |
_aIXA _cIXA _dMUU _dCDX _dDLC |
||
| 042 | _alccopycat | ||
| 050 | 0 | 0 |
_aQA269 _b.C35 2011 |
| 082 | _a515.7248 CAR | ||
| 100 | 1 |
_aCarl, S. _q(Siegfried) |
|
| 245 | 1 | 0 |
_aFixed point theory in ordered sets and applications : from differential and integral equations to game theory _bfrom differential and integral equations to game theory _cSiegfried Carl, Seppo Heikkilä. |
| 260 |
_aNew York, NY : _bSpringer, _cc2011. |
||
| 300 |
_axiii, 477 p. : _bill. ; _c24 cm. |
||
| 504 | _aIncludes bibliographical references and index. | ||
| 650 | 0 | _aGame theory. | |
| 650 | 0 | _aEconomics, Mathematical. | |
| 650 | 0 | _aGlobal analysis (Mathematics) | |
| 650 | 0 | _aMathematics. | |
| 700 | 1 | _aHeikkilä,Seppo. | |
| 856 | 4 | 2 |
_3Publisher description _uhttp://www.loc.gov/catdir/enhancements/fy1114/2011282663-d.html |
| 856 | 4 | 1 |
_3Table of contents only _uhttp://www.loc.gov/catdir/enhancements/fy1114/2011282663-t.html |
| 906 |
_a7 _bcbc _ccopycat _d2 _encip _f20 _gy-gencatlg |
||
| 942 |
_2ddc _cBK |
||
| 999 |
_c11723 _d11723 |
||